000 00654nam a2200169 a 4500
008 120416s1964 ||||||||||||||||| || u
050 _aQA 331 Spi
100 _aSpiegel, Murray R
245 1 0 _aSchaum's outline of theory and problems of complex variables with an introduction to conformal mappi
246 _aS. Lipschutz
250 _aSI(metric)
260 _aNew York
_bMcGraw-Hill
_c1964
300 _a[vi] 313p. : ill
350 _a0.00
650 0 _aMATHEMATICS--HANDBOOKS, MANUALS, ETC
995 _D0.00
_FCBU-MAIN LIBRARY (Kitwe)
_H1
_I7.50
_M1
_UAVAILABLE
_ZMain Library Open Access Collection
999 _c57018
_d57018